000 00652nam a22002417a 4500
003 UA-OsUOA
001 20760
007 ta
008 20031103b un ||||| |||| 00| 0 ukr d
100 _aПідоплічко І. Г.
090 _a930.85
_bП32
942 _cBK
040 _aUA-OsUOA
_brus
_cUA-OsUOA
_dUA-OsUOA
245 _aКоротка історія Землі
300 _a172 с.
955 _a0
041 _arus
080 _a930.85
260 _aКиїв
_bДержавне учбово-педагогічне видавництво " Радянська школа"
_c1958
044 _aRU
650 7 _2UDC
999 _c306943
_d306943